| 000 | 00805nam a22002775 4500 | ||
|---|---|---|---|
| 001 | bimo0000420716 | ||
| 003 | DO-SdBNP | ||
| 005 | 20220624111226.0 | ||
| 008 | 941031s19uu sp a 000 0 spa | ||
| 020 | _a8477588503 | ||
| 040 |
_aBPMSU _bspa _cBPMSU |
||
| 082 |
_aR549 _bM521v _222 |
||
| 100 | 1 | _aMelgarejo, Juan Carlos | |
| 245 | 1 | 0 |
_aVideoenciclopedia: _b muy interesante / _cJuan Carlos Melgarejo ; ilustración José Tola ... [et al.] |
| 246 | 1 | 3 | _aMineralogía I |
| 260 |
_aMadrid : _bClub Internacional, _c[199'?] |
||
| 300 |
_av. ; _c32 cm _b |
||
| 500 | _aIncluye índices | ||
| 590 | _6Inventariado, 2022/VM | ||
| 650 | 4 |
_aMineralogía _vAtlas. |
|
| 650 | 4 | _aEnciclopedias | |
| 700 | 1 |
_aTola, José _d1947- _eilustraciones |
|
| 910 | _aVMateo V. | ||
| 942 |
_2ddc _cBK |
||
| 956 | _a2 | ||
| 999 |
_c14223 _d14223 |
||